Normal view
MARC view
- Rodriguez, Pedro
Entry Personal Name
001 - CONTROL NUMBER
- control field: 83240
003 - CONTROL NUMBER IDENTIFIER
- control field: NUST
005 - DATE AND TIME OF LATEST TRANSACTION
- control field: 20211015142449.0
008 - FIXED-LENGTH DATA ELEMENTS
- fixed length control field: 211015|| aca||aabn | a|a d
040 ## - CATALOGING SOURCE
- Original cataloging agency: NUST
- Transcribing agency: NUST
100 ## - HEADING--PERSONAL NAME
- Personal name: Rodriguez, Pedro
670 ## - SOURCE DATA FOUND
- Source citation: Work cat.: (NUST)32924: Teodorescu, Remus. 83235, Grid converters for photovoltaic and wind power systems /, 2011.
